000 01139nam a22003257a 4500
003 CHAP
005 20220817042935.0
008 971013s1977 r 00010 d
010 _a60616
011 _a61588
035 _a65754
040 _cCHAP
082 _a631.4
_bR63
100 0 0 _aRodríguez Gómez, Rubén.
_998562
245 _aEstudio agrológico semidetallado de la zona de Edzna, estado de Campeche
260 _aMéxico, D. F. :
_bSubdirección de Agrología,
_c1977
300 _a95 p.
_b: ilus. ; mapas ; gráfs.
490 _aSerie estudios. Publicación
_v; 14
590 _aBATCH-UPD
_b10
_c20130110
_lUCH01
_h1007
590 _aBATCH-UPD
_b10
_c20130410
_lUCH01
_h0616
590 _aBATCH-UPD
_b10
_c20130913
_lUCH01
_h2026
590 _aCONVERSION
_b10
_c20130109
_lUCH01
_h1333
650 1 4 _aAgricultura
_xCampeche.
_91350
650 1 4 _aSuelos
_xCampeche.
_9110227
830 0 _aSerie Estudios. Publicación
_v; 14
901 _aBK
942 _cLIBRO
949 _a631.4 R63
_bBC
_cLIBRO
_d33724000556403
_eLIBRO
_h48328
_i65754
_si
949 _a631.4 R63
_bBC
_cLIBRO
_d33724000687505
_eLIBRO
_fc.2
_h92444
_i65754
_kDonaciØn
_sb
999 _c60616
_d60616